| 000 | 01365cad a22002295a 4500 | ||
|---|---|---|---|
| 001 | L150168 | ||
| 008 | 100609s2009 xxkd f s 000 0 eng d | ||
| 035 | _a(Sirsi) u150168 | ||
| 041 | 0 | _aeng | |
| 050 | 0 | 4 | _a333.337 $2 18 |
| 110 | 2 |
_aSavills Project Consultancy _95857 |
|
| 245 | 0 | 0 |
_aCommercial development activity _bDecember 2009 _h[electronic resource] |
| 260 |
_aLondon _bSavills _c2009 |
||
| 490 | 0 |
_aSavills UK Commercial Development Activity PMI _vDecember 2009 |
|
| 520 | _aCommercial development continued to rise in November but the rate of growth eased to three-month low. Latest survey data from Savills signalled an increase in UK commercial development for the fourth month running in November. However, the pace of expansion eased from October's twenty-seven month high to the slowest since August. The Total Commercial Development Activity Index fell from +14.3% to +9.2%. Growth was largely confined to the private sector, as work on public sector projects declined slightly. | ||
| 590 | _aKA | ||
| 650 | 2 | 4 | _aSAVILLS UK COMMERCIAL DEVELOPMENT ACTIVITY PMI |
| 651 | 4 |
_aUnited Kingdom _y |
|
| 690 | _aPROPERTY-COMMERCIAL PROPERTY-COMMERCIAL PROPERTY MARKET | ||
| 856 | 4 | 0 |
_uhttps://www.savills.com/research-archive/uk-commercial-development-activity-report-december-2009.pdf _zView this report free of charge at www.savills.com |
| 942 | _n0 | ||
| 999 |
_c110768 _d110768 |
||